8 Largest Zoos - Statistics

General Stats
  • This quiz has been taken 31 times
  • The average score is 4 of 8
Answer Stats
Rank Name % Correct
6 San Diego Zoo
81%
2 Berlin Zoo
69%
4 Bronx Zoo
63%
7 Moscow Zoo
56%
3 Beijing Zoo
50%
8 Columbus Zoo
38%
1 Henry Doorly Zoo
38%
5 Toronto Zoo
38%
No matching quizzes found
Score Distribution
Percent of People with Each Score
Percentile by Number Answered
Your Score History
You have not taken this quiz